| Tag |
First Indicator |
Second Indicator |
Subfields |
| LEADER |
00000cam a2200000 a 4500 |
| 001 |
in00000013721 |
| 005 |
20151007052420.0 |
| 008 |
860430s1987 nyu b s10100 eng |
| 010 |
|
|
|a 86005932
|
| 020 |
|
|
|a 0887063896
|
| 020 |
|
|
|a 088706390X (pbk.)
|
| 035 |
|
|
|a (OCoLC)13581884
|
| 035 |
|
|
|9 AAA7689AM
|
| 040 |
|
|
|a DLC
|c DLC
|d TXA
|d UtOrBLW
|
| 043 |
|
|
|a a-cc---
|
| 049 |
|
|
|a TXAM
|c [A11486923]
|
| 050 |
0 |
0 |
|a PN2874
|b .D7 1987
|
| 082 |
0 |
|
|a 792/.0951
|2 19
|
| 245 |
0 |
0 |
|a Drama in the People's Republic of China /
|c edited by Constantine Tung and Colin Mackerras.
|
| 264 |
|
1 |
|a Albany :
|b State University of New York Press,
|c [1987]
|
| 264 |
|
4 |
|c ©1987
|
| 300 |
|
|
|a viii, 353 pages ;
|c 24 cm.
|
| 336 |
|
|
|a text
|b txt
|2 rdacontent
|
| 337 |
|
|
|a unmediated
|b n
|2 rdamedia
|
| 338 |
|
|
|a volume
|b nc
|2 rdacarrier
|
| 500 |
|
|
|a Selected papers presented at the International Colloquium on Contemporary Chinese Drama and Theater, held at the State University of New York at Buffalo, Oct. 15-19, 1984.
|
| 504 |
|
|
|a Includes bibliographies and index.
|
| 650 |
|
0 |
|a Theater
|z China
|x History
|y 20th century
|x Congresses.
|
| 650 |
|
0 |
|a Chinese drama
|y 20th century
|x History and criticism
|x Congresses.
|
| 650 |
|
0 |
|a Theater
|x Political aspects
|z China
|x Congresses.
|
| 650 |
|
0 |
|a Theater and society
|z China
|x Congresses.
|
| 700 |
1 |
|
|a Tung, Constantine,
|d 1933-
|
| 700 |
1 |
|
|a Mackerras, Colin.
|
| 711 |
2 |
|
|a International Colloquium on Contemporary Chinese Drama and Theater
|d (1984 :
|c State University of New York at Buffalo)
|
| 999 |
|
|
|a MARS
|
| 999 |
f |
f |
|s 99f6703c-7c28-3bb4-8d00-35b6e47dde29
|i 7237dc71-0f7b-31ad-90fc-3936b3bc2060
|t 0
|
| 952 |
f |
f |
|p ric
|a Texas A&M University
|b Rellis Campus
|c Joint Library Facility
|d Remote Storage
|t 0
|e PN2874 .D7 1987
|h Library of Congress classification
|i unmediated -- volume
|m A14811486923
|
| 998 |
f |
f |
|a PN2874 .D7 1987
|t 0
|l Remote Storage
|